<?xml version="1.0" encoding="UTF-8"?>
<collection xmlns="http://www.loc.gov/MARC21/slim">
 <record>
  <leader>02745cam a2200469 ca4500</leader>
  <controlfield tag="001">1129822753</controlfield>
  <controlfield tag="003">DE-627</controlfield>
  <controlfield tag="005">20250528091619.0</controlfield>
  <controlfield tag="007">tu</controlfield>
  <controlfield tag="008">970627n19uuuuuuxx ||||| m    00| ||ger c</controlfield>
  <datafield tag="035" ind1=" " ind2=" ">
   <subfield code="a">(DE-627)1129822753</subfield>
  </datafield>
  <datafield tag="035" ind1=" " ind2=" ">
   <subfield code="a">(DE-576)059822759</subfield>
  </datafield>
  <datafield tag="035" ind1=" " ind2=" ">
   <subfield code="a">(DE-599)BSZ059822759</subfield>
  </datafield>
  <datafield tag="035" ind1=" " ind2=" ">
   <subfield code="a">(DE-604)8062283340</subfield>
  </datafield>
  <datafield tag="040" ind1=" " ind2=" ">
   <subfield code="a">DE-627</subfield>
   <subfield code="b">ger</subfield>
   <subfield code="c">DE-627</subfield>
   <subfield code="e">rakwb</subfield>
  </datafield>
  <datafield tag="041" ind1=" " ind2=" ">
   <subfield code="a">ger</subfield>
  </datafield>
  <datafield tag="084" ind1=" " ind2=" ">
   <subfield code="a">NF 3580</subfield>
   <subfield code="2">rvk</subfield>
   <subfield code="0">(DE-625)rvk/125260:1206</subfield>
  </datafield>
  <datafield tag="084" ind1=" " ind2=" ">
   <subfield code="a">15.19</subfield>
   <subfield code="2">bkl</subfield>
  </datafield>
  <datafield tag="100" ind1="1" ind2=" ">
   <subfield code="a">Kossack, Georg</subfield>
   <subfield code="d">1923-2004</subfield>
   <subfield code="0">(DE-588)120301334</subfield>
   <subfield code="0">(DE-627)080589715</subfield>
   <subfield code="0">(DE-576)161800394</subfield>
   <subfield code="4">aut</subfield>
  </datafield>
  <datafield tag="245" ind1="1" ind2="0">
   <subfield code="a">Südbayern während der Hallstattzeit</subfield>
   <subfield code="c">von Georg Kossack</subfield>
  </datafield>
  <datafield tag="264" ind1=" " ind2="1">
   <subfield code="a">Berlin</subfield>
   <subfield code="b">de Gruyter</subfield>
   <subfield code="c">19XX-</subfield>
  </datafield>
  <datafield tag="336" ind1=" " ind2=" ">
   <subfield code="a">Text</subfield>
   <subfield code="b">txt</subfield>
   <subfield code="2">rdacontent</subfield>
  </datafield>
  <datafield tag="337" ind1=" " ind2=" ">
   <subfield code="a">ohne Hilfsmittel zu benutzen</subfield>
   <subfield code="b">n</subfield>
   <subfield code="2">rdamedia</subfield>
  </datafield>
  <datafield tag="338" ind1=" " ind2=" ">
   <subfield code="a">Band</subfield>
   <subfield code="b">nc</subfield>
   <subfield code="2">rdacarrier</subfield>
  </datafield>
  <datafield tag="490" ind1="0" ind2=" ">
   <subfield code="a">Römisch-germanische Forschungen</subfield>
   <subfield code="v">24</subfield>
  </datafield>
  <datafield tag="502" ind1=" " ind2=" ">
   <subfield code="a">Zugl.: München, Univ., Habil.-Schr., 1955</subfield>
  </datafield>
  <datafield tag="655" ind1=" " ind2="7">
   <subfield code="a">Hochschulschrift</subfield>
   <subfield code="0">(DE-588)4113937-9</subfield>
   <subfield code="0">(DE-627)105825778</subfield>
   <subfield code="0">(DE-576)209480580</subfield>
   <subfield code="2">gnd-content</subfield>
  </datafield>
  <datafield tag="689" ind1="0" ind2="0">
   <subfield code="d">g</subfield>
   <subfield code="0">(DE-588)4086982-9</subfield>
   <subfield code="0">(DE-627)10604706X</subfield>
   <subfield code="0">(DE-576)209241861</subfield>
   <subfield code="a">Bayern</subfield>
   <subfield code="z">Süd</subfield>
   <subfield code="2">gnd</subfield>
  </datafield>
  <datafield tag="689" ind1="0" ind2="1">
   <subfield code="d">s</subfield>
   <subfield code="0">(DE-588)4072254-5</subfield>
   <subfield code="0">(DE-627)106095854</subfield>
   <subfield code="0">(DE-576)209186321</subfield>
   <subfield code="a">Hallstattkultur</subfield>
   <subfield code="2">gnd</subfield>
  </datafield>
  <datafield tag="689" ind1="0" ind2=" ">
   <subfield code="5">(DE-627)</subfield>
  </datafield>
  <datafield tag="751" ind1=" " ind2=" ">
   <subfield code="a">München</subfield>
   <subfield code="0">(DE-588)4127793-4</subfield>
   <subfield code="0">(DE-627)105722073</subfield>
   <subfield code="0">(DE-576)209596570</subfield>
   <subfield code="4">uvp</subfield>
  </datafield>
  <datafield tag="787" ind1="0" ind2="8">
   <subfield code="i">Rezensiert in</subfield>
   <subfield code="a">Jacob-Friesen, Karl Hermann, 1886 - 1960</subfield>
   <subfield code="t">[Rezension von: Kossack, Georg, Südbayern während der Hallstattzeit]</subfield>
   <subfield code="d">Hildesheim : August Lax Verlagsbuchhandlung, 1959</subfield>
   <subfield code="w">(DE-627)1681767791</subfield>
  </datafield>
  <datafield tag="787" ind1="0" ind2="8">
   <subfield code="i">Rezensiert in</subfield>
   <subfield code="a">Uslar, Rafael von, 1908 - 2003</subfield>
   <subfield code="t">[Rezension von: Georg Kossack, Südbayern während der Hallstattzeit]</subfield>
   <subfield code="d">Kevelaer, Rhld. : Verlag Butzon &amp; Berker, 1962</subfield>
   <subfield code="w">(DE-627)1736243217</subfield>
  </datafield>
  <datafield tag="787" ind1="0" ind2="8">
   <subfield code="i">Rezensiert in</subfield>
   <subfield code="t">[Rezension von] Südbayern während der Hallstattzeit</subfield>
   <subfield code="d">1961</subfield>
   <subfield code="w">(DE-627)1474723187</subfield>
   <subfield code="w">(DE-576)404723187</subfield>
  </datafield>
  <datafield tag="787" ind1="0" ind2="8">
   <subfield code="i">Rezensiert in</subfield>
   <subfield code="t">[Rezension von] Südbayern während der Hallstattzeit</subfield>
   <subfield code="d">1961</subfield>
   <subfield code="h">Sp.686-690</subfield>
   <subfield code="w">(DE-627)1474723217</subfield>
   <subfield code="w">(DE-576)404723217</subfield>
  </datafield>
  <datafield tag="936" ind1="r" ind2="v">
   <subfield code="a">NF 3580</subfield>
   <subfield code="b">Allgemeines</subfield>
   <subfield code="k">Geschichte</subfield>
   <subfield code="k">Ur- und Frühgeschichte / Prähistorische Archäologie</subfield>
   <subfield code="k">Allgemeine und europäische Ur- und Frühgeschichte nach Epochen</subfield>
   <subfield code="k">Eisenzeit (750 v.Chr. - 0)</subfield>
   <subfield code="k">Hallstattzeit (750 - 500 v. Chr.)</subfield>
   <subfield code="k">Europa</subfield>
   <subfield code="k">Mitteleuropa (Deutschland, Österreich, Schweiz)</subfield>
   <subfield code="k">Deutschland</subfield>
   <subfield code="k">Süddeutschland</subfield>
   <subfield code="k">Allgemeines</subfield>
   <subfield code="0">(DE-627)1271742047</subfield>
   <subfield code="0">(DE-625)rvk/125260:1206</subfield>
   <subfield code="0">(DE-576)201742047</subfield>
  </datafield>
  <datafield tag="936" ind1="b" ind2="k">
   <subfield code="a">15.19</subfield>
   <subfield code="j">Vor- und Frühgeschichte</subfield>
   <subfield code="q">coli-conc RVK-&gt;BK</subfield>
   <subfield code="q">https://coli-conc.gbv.de/api/mappings/86628ea8-ce7c-4261-a534-79c6ddd79ae8</subfield>
   <subfield code="0">(DE-627)10640329X</subfield>
  </datafield>
  <datafield tag="951" ind1=" " ind2=" ">
   <subfield code="a">MC</subfield>
  </datafield>
  <datafield tag="990" ind1=" " ind2=" ">
   <subfield code="a">Bayern</subfield>
  </datafield>
  <datafield tag="990" ind1=" " ind2=" ">
   <subfield code="a">Hallstattkultur</subfield>
  </datafield>
  <datafield tag="991" ind1=" " ind2=" ">
   <subfield code="a">Rezensiertes Werk</subfield>
  </datafield>
  <datafield tag="999" ind1=" " ind2=" ">
   <subfield code="a">KXP-PPN1129822753</subfield>
   <subfield code="e">4915992039</subfield>
  </datafield>
 </record>
</collection>
